| 000 | 00408nam a2200121Ia 4500 | ||
|---|---|---|---|
| 008 | 250110s9999 xx 000 0 und d | ||
| 041 | _aeng | ||
| 100 |
_aJoshi Ketaki _9182278 |
||
| 245 | _aGHG Emissions Quantification With Green Rating Systems Implementation For Residential Complexes In Pune. | ||
| 260 |
_bM.Arch Environmental, Pune _c2012 |
||
| 300 | _a98p | ||
| 700 |
_aGuide Name:Gujrathi Anshul _9209948 |
||
| 999 |
_c363140 _d363140 |
||